• 首页
  • 本馆介绍
  • 公告通知
  • 最新文献
  • 馆藏检索
  • 电子资源
  • 读者导购
  • 参考咨询
  • 我的图书馆
  • 登录
  • 详细信息显示
  • 放入我的书架
  • 预约/预借图书
  • 作者相关作品
  • 分类相关作品
  • 丛书相关作品
  • 出版社相关作品

书目信息

  • 表格格式
  • 工作单格式
  • 卡片格式
书名: One of us
作者: Tom Wicker.
分册号:
分册名:
出版地: New York :
 
出版社: Random House
出版时间: c1991.
页数: xv, 731 p. ;
开本: 25 cm.
丛书名:
中图分类号:
科图分类号:
其他分类号: D771.2
主题词:
电子资源: http://www.loc.gov/catdir/description/random0412/89042779.html     
000 01249cam a2200349 a 450
001 E0761735904
005 20070506171012.98
008 890306s1991 nyu b 001 0beng
010    @a89042779
020    @a0394550668 :@c$19.95.
035    @A(DLC) 89042779
040    @aDLC@cDLC@dDLC
043    @an-us---
050 00 @aE856@b.W52 1991
082 00 @a973.924/092@2 20
090    @aD771.2
099    @dD771.2@ex87
100 1  @aWicker, Tom.
245 10 @aOne of us :@bRichard Nixon and the American dream / @cTom Wicker.
250    @a1st ed.
260    @aNew York :@bRandom House,@cc1991.
300    @axv, 731 p. ;@c25 cm.
504    @aIncludes bibliographical references (p. [689]-709) and index.
600 10 @aNixon, Richard M.@q(Richard Milhous),@d1913-1994.
650  0 @aPresidents@zUnited States@vBiography.
651  0 @aUnited States@xPolitics and government@y1945-1989.
856 42 @3 Publisher description@uhttp://www.loc.gov/catdir/description/random0412/89042779.html
906    @a7@bcbc@corignew@d1@eocip@f19@gy-gencatlg
920    @a** LC HAS REQ’D # OF SHELF COPIES **
922    @aad
955    @aCIP ver bc09 03-26-91; to SL 03-27-91
991    @bc-GenColl@hE856@i.W52 1991@p00008205462@tCopy 1@wBOOKS
    
    One of us : : Richard Nixon and the American dream / / Tom Wicker.-1st ed.-New York : : Random House, , c1991.
    xv, 731 p. ; ; 25 cm.
    Includes bibliographical references (p. [689]-709) and index.
    
    ISBN 0394550668 :$19.95.
    
●
相关链接 在E读中查询图书 在五车中查询图书 在当当中查询图书 在豆瓣中查询图书


正题名:One of us     索取号:D771.2/x87         预约/预借

序号 登录号 条形码 馆藏地/架位号 状态 备注
1 7614   300076147   第二样本阅览室/ [索取号:D771.2/x87] 在馆    
唐山师范学院图书馆 欢迎您!
大连网信软件有限公司© 版权所有